Series famosas - Estadísticas

Estadísticas generales
  • Esta prueba ha sido intentada 1.735 veces
    1.721 desde el último reinicio
  • La puntuación promedio es 19 de 45
Estadísticas de respuestas
Hint Respuesta % Correcto
Atraco del banco de España La casa de papel
90%
Profesor que vende drogas Breaking Bad
84%
Casas de los Siete Reinos en su lucha por conquistar el Trono de Hierro Game of Thrones
76%
Aventuras de una familia amarilla Los simpson
76%
La población mundial se volvió zombies The walking dead
72%
Historia de la familia real británica The crown
68%
Historia de cómo conoció a su mamá How I met your mother
65%
Niña prodigio en el ajedrez Gambito de dama
63%
Adolescentes ricos en Nueva York Gossip Girl
62%
Gran detective de todos los tiempos Sherlock
60%
Guerreros y agricultores vikingos que anhelan explorar y asaltar las costas al otro lado del océano Vikingos
59%
La historia del ascenso y caída del capo colombiano Pablo Escobar Narcos
58%
Vida de los internos de un hospital Greys Anatomy
57%
Aventuras de un grupo de amigos Friends
56%
Extraños acontecimientos en una ciudad Stranger Things
54%
Adolescentes que se convierten en lobo Teen wolf
54%
Vampiros enamorados de una misma chica The vampire diaries
53%
Abogados en Nueva York Suits
50%
Empresa papelera con un pésimo jefe The office
50%
Extraña corporación que organiza juegos mortales El juego del calamar
48%
Tres familias que no son la típica familia normal Modern family
47%
Animación de un científico loco y su nieto Rick and Morty
45%
Animación de las aventuras de la familia Griffin Padre de familia
43%
Nuevas tecnologías que ocasiones amenazan la integridad de las personas Black Mirror
40%
Aventuras de un grupo de nerds con problemas para socializar The big bang theory
38%
Spin off de Breaking Bad Better call Saul
36%
Retrato de la generación z con temas como depresión, ansiedad, sexo y drogas Euphoria
36%
Superhéroes que abusan de sus superpoderes The boys
35%
Inexplicables sucesos en 1986 relacionados con 4 familias conectadas Dark
27%
Animación de caballo filosófico y existencial Bojack horseman
26%
Investigación y diagnóstico de pacientes con extrañas afecciones Doctor house
26%
Gángsters que construyen un imperio internacional con las apuestas, la extorsión, y la venta de armas Peaky blinders
24%
Niña huérfana que vive en un pequeño pueblo llamado Avonlea Anne with an e
23%
Analista forense en la policía de Miami y asesino en serie Dexter
22%
Abogada con estudiantes de derecho que se ven envueltos en asesinos How to get away with murder
22%
Comedia de una comisaría en Nueva York Brooklyn nine nine
21%
Grupo de artistas que llevan el club musical Glee
20%
Aventuras de un repartidor de pizza quien despierta mil años después Futurama
19%
Crónica de una de las peores catástrofes de la historia de la humanidad Chernobyl
18%
Político despiadado que planea venganza contra quienes lo han traicionado House of cards
16%
Mafioso que asiste al psicólogo en Nueva York Los soprano
16%
Hermanos que pelean por la empresa de su padre Succesion
11%
Hechos después de la caída del Imperio y antes de la aparición de la Primera Orden The mandalorian
11%
Spin off de Game of Thrones Casa del dragon
10%
Disputa por un equipo de futbol Club de cuervos
5%
No se encontraron pruebas coincidentes
Distribución de puntuación
Porcentaje de gente con cada puntuación
Porcentaje por número respondido
Historial de tus puntuaciones
No has intentado esta prueba desde el último reinicio